John Masefield /

Bibliographic Details
Main Author: Dwyer, June
Format: Book
Language:English
Published: New York : Ungar, 1987.
Series:Literature and life. British writers.
Subjects:

MARC

Tag First Indicator Second Indicator Subfields
LEADER 00000cam a2200000 a 4500
001 in00000025966
005 20151007055744.0
008 870226s1987 nyu b 00110 eng
010 |a  87005883  
020 |a 0804421641 :  |c $15.95 
035 |a (OCoLC)15317548 
035 |9 AAB9178AM 
040 |a DLC  |c DLC  |d TXA  |d UtOrBLW 
049 |a TXAM  |c [A11668127] 
050 0 0 |a PR6025.A77  |b Z63 1987 
082 0 |a 818/.91209  |2 19 
100 1 |a Dwyer, June. 
245 1 0 |a John Masefield /  |c June Dwyer. 
264 1 |a New York :  |b Ungar,  |c 1987. 
300 |a xii, 120 pages ;  |c 22 cm. 
336 |a text  |b txt  |2 rdacontent 
337 |a unmediated  |b n  |2 rdamedia 
338 |a volume  |b nc  |2 rdacarrier 
490 1 |a Literature and life. British writers 
504 |a Bibliography: pages 111-113. 
500 |a Includes index. 
600 1 0 |a Masefield, John,  |d 1878-1967  |x Criticism and interpretation. 
830 0 |a Literature and life.  |p British writers. 
999 |a MARS 
999 f f |s 882fc22b-6936-3f23-adb8-f7652c638288  |i 1966b297-af61-372b-a94f-6998b88e5bc6  |t 0 
952 f f |p ric  |a Texas A&M University  |b Rellis Campus  |c Joint Library Facility  |d Remote Storage  |t 0  |e PR6025.A77 Z63 1987  |h Library of Congress classification  |i unmediated -- volume  |m A14811668127 
998 f f |a PR6025.A77 Z63 1987  |t 0  |l Remote Storage